00513nam a2200157Ia 4500008004100000020001800041082001600059100001900075245003300094260003700127300000800164650002500172942001200197999001700209952012900226140316s9999 xx 000 0 und d a9788126417735 a920bBIN/CA aBins ,M.Mathew aCampus: Ormakalude Pusthakam aKottayambDC Press (p) Ltdc2010 a331 aMALAYALAM LITERATURE 2ddccBK c11328d11328 00102ddc4070aKAUCLVbKAUCLVcGENERALd2014-03-18l6o920 BIN/CAp220116r2017-05-11 00:00:00s2017-04-18w2014-03-18yBK